| 000 | 00843nam a2200241Ia 4500 | ||
|---|---|---|---|
| 003 | IN-BaIIA | ||
| 008 | 211028s9999 xx 000 0 eng d | ||
| 020 | _a3-540-1233937-0 | ||
| 040 | _cIIA Library | ||
| 080 | _a048:1:52/84-37 | ||
| 245 | 0 |
_aAstronomy and astrophysics abstracts _bvol.37, pt. 1, literature 1984 _cedited by S. Bohme…[et al.] |
|
| 260 |
_aBerlin _bSpringer-Verlag _c1985 |
||
| 300 | _ax, 937p. | ||
| 650 |
_aAbstracts-Astronomy and Astrophysics _96051 |
||
| 650 |
_aAstronomy and Astrophysics Abstracts _96052 |
||
| 650 | _aAstronomy and Astrophysics Thesaurus | ||
| 700 |
_aBohme, S., ed. _96427 |
||
| 700 |
_aFricke, W., ed. _96053 |
||
| 700 |
_aHefele, H., ed. _912355 |
||
| 700 |
_aHeinrich, I., ed. _912356 |
||
| 700 |
_aHofmann, W., ed. _912357 |
||
| 942 | _cBK | ||
| 999 |
_c8064 _d8064 |
||